Разхвърляната Мими (Запис номер 328474)
[ съкратено ]
| 000 -Лидер | |
|---|---|
| Контролно поле с фиксирана дължина | 00853nam a22002657a 4500 |
| 003 - Код на организацията, давaща контролен номер | |
| Контролно поле | BLK |
| 005 - Дата и час на последна редакция | |
| Контролно поле | 20250726120229.0 |
| 008 - Елементи от данни с фиксирана дължина | |
| fixed length control field | 190124b bu ||||| |||| 00| 0 bu d |
| 020 ## - Международен стандартен номер на книга ISBN | |
| Международен стандартен номер на книга ISBN | 9786197386219 |
| 040 ## - Източник на каталожния запис | |
| Идентификатор на билиотеката - собственик на записа | BLK |
| 041 ## - Код за език | |
| Код за езика на текст/звукозапис или на отделно заглавие | Български |
| Код за езика КДБФ | Български |
| 100 ## - Редна дума - Автор | |
| Автор | Джоунс, Кристиан |
| Авторска отговорност | първи автор |
| R(LIN) | 1299 |
| 139 ## - Редно поле | |
| Редна дума | Джоунс, Кристиан |
| Авторски знак | Джо - Д 52 |
| 245 ## - Сведения за заглавието | |
| Заглавие | Разхвърляната Мими |
| Редно поле (дума) | Кристиан Джоунс, прев. Виктория Илиева |
| 260 ## - Област на издателските данни | |
| 9 (RLIN) | 216689 |
| Място на издаване, разпространение и проч. | София |
| Име на издателя, разпространителя и проч. | Клевър Бук |
| Година на издаване | 2018 |
| 300 ## - Физическа характеристика | |
| Страници | 26 с. |
| Илюстрации и др. | с ил. |
| Размери/Мащаб | 29 см |
| 380 ## - Жанр | |
| Жанр | Детска худож. лит. |
| 490 ## - СЕРИИ (Колекции) | |
| Име на серия | Аз се уча да чета |
| 9 (RLIN) | 208316 |
| 852 ## - Местоположение | |
| Фондова буква | Детски отдел |
| Систематично-азбучна сигнатура | ДХ 820/899/Д 52 |
| 999 ## - СИСТЕМНИ КОНТРОЛНИ НОМЕРА | |
| Koha biblionumber | 328474 |
| Koha biblioitemnumber | 328474 |
| 942 ## - АРТИКУЛИ | |
| Вид на библиотечния материал | Книги |
| Скрит в OPAC | Не |
| Koha issues (borrowed), all copies | 84 |
| Периодичен библиозапис | Да |
| 999 ## - СИСТЕМНИ КОНТРОЛНИ НОМЕРА | |
| Koha biblioitemnumber | 328474 |
| 999 ## - СИСТЕМНИ КОНТРОЛНИ НОМЕРА | |
| Koha biblioitemnumber | 328474 |
| 999 ## - СИСТЕМНИ КОНТРОЛНИ НОМЕРА | |
| Koha biblioitemnumber | 328474 |
| 944 ## - СЪЗДАВАНЕ И РЕДАКЦИЯ на ЗАПИСА | |
| Служител, извършил регистрацията/редакцията | 30552 |
| Статус, дата на статуса | Виолета Тройчева |
| Код за отписване | Код за изгубен артикул | Източник на класификационната схема | Код за повреда | Код за отдаване | Артикулен № | Име на библиотеката - собственик | Име на библиотеката, в която се намира в момента | Статус (Текущо местоположение) | Дата на вписване в системата | Местоположение - отдел | Цена в лева | Систематично азбучна сигнатура | Баркод | Цена в евро | Служебен тип на артикула | Коз за рестрикции | Инвентарен номер |
|---|---|---|---|---|---|---|---|---|---|---|---|---|---|---|---|---|---|
| Изтеглен | Не е изгубен | Universal Decimal Classification | Не е повреден | заемане за дома | 688590 | Регионална библиотека "Любен Каравелов" Русе | Регионална библиотека "Любен Каравелов" Русе | Детски отдел | 2019-01-30 | Детски отдел | 5.99 | ДХ 820/899/Д 52 | 120000829420 | 3.06 | Книги | ||
| Не е изгубен | Universal Decimal Classification | Не е повреден | заемане за дома | 688964 | Регионална библиотека "Любен Каравелов" Русе | Регионална библиотека "Любен Каравелов" Русе | Детски отдел | 2019-02-07 | Детски отдел | 5.99 | ДХ 820/899/Д 52 | 120000829491 | 3.06 | Книги | |||
| Изтеглен | Не е изгубен | Universal Decimal Classification | Не е повреден | заемане за дома | 688965 | Регионална библиотека "Любен Каравелов" Русе | Регионална библиотека "Любен Каравелов" Русе | Подвързия, Комплектуване | 2019-02-07 | Детски отдел | 5.99 | ДХ 820/899/Д 52 | 120000829492 | 3.06 | Книги | ||
| Не е изгубен | Universal Decimal Classification | Не е повреден | ползва се в читалня | 798896 | Регионална библиотека "Любен Каравелов" Русе | Регионална библиотека "Любен Каравелов" Русе | Хранилище | 2020-09-14 | Хранилище | 5.99 | Цб ІІ 25527 | 120000846190 | 3.06 | Книги | |||
| Не е изгубен | Universal Decimal Classification | Не е повреден | заемане за дома | 925775 | Регионална библиотека "Любен Каравелов" Русе | Регионална библиотека "Любен Каравелов" Русе | Детски отдел | 2023-03-29 | Детски отдел | 5.99 | 821-93/Д 52 К | 120000884880 | 3.06 | Книги | без рестрикции | 120000884880 |